Presidents of Pakistan by Picture - Statistics

General Stats
  • This quiz has been taken 27 times
    9 since last reset
  • The average score is 13 of 20
Answer Stats
Picture Hint Answer % Correct
1947-1948 Muhammad Ali Jinnah
100%
1958-1965 | 1965-1969 Muhammad Ayub Khan
89%
1969-1971 Yahya Khan
89%
2018-2024 Arif Alvi
78%
2008-2013 Asif Ali Zardari
78%
2024-Present Asif Ali Zardari
78%
1988-1993 Ghulam Ishaq Khan
78%
1978-1988 Muhammad Zia-ul-Haq
78%
2001-2008 Pervez Musharraf
78%
1971-1973 Zulfikar Ali Bhutto
78%
1955-1958 Iskander Ali Mirza
67%
1993-1997 Farooq Leghari
56%
1965 | 1967-1969 Fatima Jinnah
56%
1973-1978 Fazal Ilahi Chaudhry
56%
2013-2018 Mamnoon Hussain
56%
1998-2001 Muhammad Rafiq Tarar
56%
1993 | 1997-1998 Wasim Sajjad
44%
1948-1951 Khawaja Nazimuddin
33%
1951-1955 Malik Ghulam Muhammad
33%
2008 Muhammad Mian Soomro
33%
No matching quizzes found
Score Distribution
Percent of People with Each Score
Percentile by Number Answered
Your Score History
You have not taken this quiz since the last reset